01034cam a2200253 a 45000010009000000050017000090080041000260100017000670200018000840200015001020400018001170500023001350820014001582450081001722500012002532600054002653000070003195040051003896500027004407000024004678560106004918560091005978560092006881586198020170105102843.0090810s2011 cauab b 001 0 eng  a 2009934607 a9781424067824 a1424067820 aDLCcDLCdDLC00aCB245b.W4843 2011 a909.0981200aWestern civilization :bbeyond boundaries /cThomas F.X. Noble ... [et al.]. a6th ed. aBoston, MA :bWadsworth Cengage Learning,cc2011. axxxii, 880, 31 p. :bill. (some col.), maps (some col.) ;c29 cm. aIncludes bibliographical references and index. 0aCivilization, Western.1 aNoble, Thomas F. X.423Contributor biographical informationuhttp://www.loc.gov/catdir/enhancements/fy1105/2009934607-b.html423Publisher descriptionuhttp://www.loc.gov/catdir/enhancements/fy1105/2009934607-d.html413Table of contents onlyuhttp://www.loc.gov/catdir/enhancements/fy1105/2009934607-t.html